[Event "CRO-chT U20 25th"]
[Site "Sv Filip i Jakov"]
[Date "2016.03.22"]
[Round "3.2"]
[White "Duric, Petar"]
[Black "Zadravec, Matija"]
[Result "1-0"]
[WhiteElo "1993"]
[BlackElo "2015"]
[PlyCount "64"]
[EventDate "2016.03.21"]
[EventType "team-tourn"]
[EventRounds "9"]
[EventCountry "CRO"]
[SourceTitle "CBM 171 Extra"]
[Source "ChessBase"]
[SourceDate "2016.04.26"]
[SourceVersion "1"]
[SourceVersionDate "2016.04.26"]
[SourceQuality "1"]

1. e4 c5 2. Nf3 Nc6 3. c4 g6 4. Nc3 Bg7 5. Be2 e6 6. 0-0 Nge7 7. d3 d5 8. exd5 exd5 9. Bd2 0-0 10. Re1 Bf5 11. Rc1 Qd7 12. h3 Nb4 13. a3 Nbc6 14. Qb3 Be6 15. Qc2 b6 16. Rcd1 Rad8 17. Qc1 Rfe8 18. Bf4 Nf5 19. Nb5 Nfd4 20. Nfxd4 Nxd4 21. Nxd4 Bxd4 22. Bf3 dxc4 23. dxc4 Qa4 24. Bg5 f6 25. b3 Qxb3 26. Rxd4 cxd4 27. Bxf6 Qxc4 28. Qh6 Rd7 29. Rc1 Qd3 30. Bc6 Rf7 31. Bxe8 Rxf6 32. Rc7 Bf7 1-0